书目信息 |
| 题名: |
微乳相萃取技术及应用
|
|
| 作者: | 刘会洲 著 | |
| 分册: | ||
| 出版信息: | 北京 科学出版社 2005 |
|
| 页数: | 10,287页 | |
| 开本: | 24cm | |
| 丛书名: | 21世纪科学版化学专著系列 | |
| 单 册: | ||
| 中图分类: | O658.2 | |
| 科图分类: | ||
| 主题词: | 萃取 | |
| 电子资源: | ||
| ISBN: | 7-03-015042-2 | |
| 000 | 01017nam0 2200277 450 | |
| 000 | 01024nam0 2200277 450 | |
| 000 | 00955nam0 2200253 450 | |
| 000 | 00918nam0 2200241 45 | |
| 005 | 20070528131812.39 | |
| 010 | @a7-03-015042-2@b精装@dCNY50.00 | |
| 100 | @a20070418d2005 em y0chiy0120 ea | |
| 101 | 0 | @achi |
| 102 | @aCN@b110000 | |
| 105 | @aa z 001yy | |
| 200 | 1 | @a微乳相萃取技术及应用@AWei Ru Xiang Cui Qu Ji Shu Ji Ying Yong@f刘会洲等著@FLiu Hui Zhou Deng Zhu |
| 210 | @a北京@c科学出版社@d2005 | |
| 215 | @a10,287页@c图@d24cm | |
| 225 | 2 | @a21世纪科学版化学专著系列 |
| 300 | @a中国科学院科学出版基金资助出版国家自然科学基金委员会资助出版 | |
| 330 | @a本书以萃取分离为主线,运用界面科学及化工分离原理,提出微乳相的概念和定义,阐述了微乳相体系的特点、分类以及表征方法,介绍了胶团、反胶团等方面的发展。 | |
| 410 | 0 | @12001 @a21世纪科学版化学专著系列 |
| 606 | 0 | @a萃取 |
| 690 | @aO658.2@v4 | |
| 701 | 0 | @a刘会洲@ALiu Hui Zhou@4著 |
| 801 | 0 | @aCN@bTAOJIN@c20070528 |
| 905 | @a10447@dO658.2@e27 | |
| 微乳相萃取技术及应用/刘会洲等著.-北京:科学出版社,2005 |
| 10,287页:图;24cm.-(21世纪科学版化学专著系列) |
| 中国科学院科学出版基金资助出版国家自然科学基金委员会资助出版 |
| ISBN 7-03-015042-2(精装):CNY50.00 |
| 本书以萃取分离为主线,运用界面科学及化工分离原理,提出微乳相的概念和定义,阐述了微乳相体系的特点、分类以及表征方法,介绍了胶团、反胶团等方面的发展。 |
| ● |
| 相关链接 |
|
|
|
|
正题名:微乳相萃取技术及应用
索取号:O658.2/27
 
预约/预借
| 序号 | 登录号 | 条形码 | 馆藏地/架位号 | 状态 | 备注 |
| 1 | 0523247 | 205232470 | 第二样本阅览室/ [索取号:O658.2/27] | 在馆 | |
| 2 | 0523248 | 205232489 | 第三借阅区/ [索取号:O658.2/27] | 在馆 | |
| 3 | 0523249 | 205232498 | 第三借阅区/ [索取号:O658.2/27] | 在馆 | |
| 4 | 0523250 | 205232504 | 第三借阅区/ [索取号:O658.2/27] | 在馆 |